[Event "ch-FRA Blitz Online Qual"]
[Site "Europe-Chess INT"]
[Date "2020.05.16"]
[Round "1"]
[White "Chen, Zhiyue Dashan"]
[Black "Vine, Thibaut"]
[Result "0-1"]
[WhiteElo "1119"]
[BlackElo "1837"]
[WhiteFideId "551034930"]
[BlackFideId "20654227"]
[EventDate "2020.05.16"]

1. e4 c5 2. Nf3 d6 3. d4 cxd4 4. Nxd4 a6 5. Nc3 Nf6 6. Bg5 e6 7. Bd3 b5 8. a3
Bb7 9. O-O Nbd7 10. Nf3 Be7 11. Be3 O-O 12. Re1 Nb6 13. b3 Rc8 14. Qd2 d5 15.
exd5 Nbxd5 16. Nxd5 Nxd5 17. Bd4 Bf6 18. Bxf6 Qxf6 19. Rad1 Nc3 20. Rc1 Bxf3 21.
gxf3 Qxf3 22. Qe3 Qxe3 23. fxe3 Nd5 24. e4 Nf6 25. e5 Nd5 26. Be4 Rfd8 27. Bxd5
Rxd5 28. Kf2 Rcd8 29. Ke3 h6 30. Kf4 Rd4+ 31. Kf3 R8d5 32. c3 Rd3+ 33. Kf2 Rd2+
34. Kf3 Rxh2 35. c4 bxc4 36. bxc4 Rc5 37. Kg3 Ra2 38. Rc3 Rd2 39. Re4 Kf8 40.
Kg4 Ke7 41. Kh5 Rh2+ 42. Kg4 g6 43. Kg3 Rd2 44. Kh4 Rf2 45. Kg3 Rf5 46. Kg4
Rfxe5 47. Rxe5 Rxe5 48. c5 Kd7 49. c6+ Kc7 50. Kf4 Rd5 51. Kg4 Rd6 52. Kf4 Rxc6
53. Rxc6+ Kxc6 54. Ke5 h5 55. Kf6 h4 56. Kxf7 h3 57. Kxg6 h2 58. Kf6 h1=Q 59.
Kxe6 Qe1+ 60. Kf5 Kd5 61. Kg4 Qf2 62. Kg5 Ke6 63. Kg6 Qg2+ 64. Kh5 Kf5 65. Kh4
Qg4# 0-1

[Event "ch-FRA Blitz Online Qual"]
[Site "Europe-Chess INT"]
[Date "2020.05.16"]
[Round "1"]
[White "Sallette, Alain"]
[Black "Brunet-Moret, Leopold"]
[Result "0-1"]
[WhiteElo "1831"]
[BlackElo "1109"]
[WhiteFideId "626570"]
[BlackFideId "551078201"]
[EventDate "2020.05.16"]

1. d4 c5 2. d5 d6 3. e4 e5 4. dxe6 Bxe6 5. c4 Nc6 6. Nc3 Nf6 7. Nf3 Bg4 8. Be2
Be7 9. O-O O-O 10. h3 Bxf3 11. Bxf3 Re8 12. Re1 Bf8 13. Bg5 g6 14. Qd2 Bg7 15.
Rad1 Nd4 16. Bg4 Nxg4 17. hxg4 Qd7 18. Nd5 Rab8 19. Qf4 Ne6 20. Nf6+ Bxf6 21.
Qxf6 Nxg5 22. Qxg5 Qe7 23. Qxe7 Rxe7 24. Rxd6 Rbe8 25. f3 f5 26. gxf5 gxf5 27.
Rd5 fxe4 28. fxe4 b6 29. e5 Kf7 30. Kf2 Kg6 31. Rd6+ Kf5 32. Rf6+ Kg5 33. Rd6
Rxe5 34. Rxe5+ Rxe5 35. Rd7 Rf5+ 36. Ke3 Re5+ 37. Kf3 Rf5+ 38. Ke4 Rf2 39. Rg7+
Kh6 40. Rxa7 Rxb2 41. Rb7 Rxa2 42. Rxb6+ Kg7 43. g4 Ra4 44. Kd5 Ra5 45. Rb5 Ra1
46. Rxc5 Rg1 47. Rc7+ Kh8 48. Ke6 Rxg4 49. c5 Rg6+ 50. Kf7 Rg7+ 51. Kf6 Rxc7 0-1

[Event "ch-FRA Blitz Online Qual"]
[Site "Europe-Chess INT"]
[Date "2020.05.16"]
[Round "1"]
[White "Villevieille, Theo"]
[Black "Jacquot, David"]
[Result "0-1"]
[WhiteElo "1109"]
[BlackElo "1830"]
[WhiteFideId "45177970"]
[BlackFideId "20624093"]
[EventDate "2020.05.16"]

1. e4 c5 2. Nc3 Nc6 3. f4 e6 4. Nf3 a6 5. a4 Be7 6. Bc4 d6 7. O-O Bd7 8. d3 Nf6
9. Qe1 Qc7 10. Bd2 O-O 11. Qg3 Nd4 12. Nxd4 cxd4 13. Ne2 Nxe4 14. dxe4 Qxc4 15.
Nc1 Qxc2 16. Rf2 Qxe4 17. Nd3 Qg6 18. Qxg6 hxg6 19. Raf1 Bxa4 20. Rf3 Rac8 21.
Nf2 Rc2 22. Bc1 Bc6 23. Rd3 Bb5 24. Rxd4 Bxf1 25. Kxf1 Rxc1+ 26. Ke2 Rfc8 27.
Kf3 R1c2 28. Kg3 Rxb2 29. Rd3 Rcc2 30. Rf3 Rxf2 31. Rxf2 Rxf2 32. Kxf2 d5 33.
Ke3 b5 34. Kd4 a5 35. g4 a4 36. f5 gxf5 37. gxf5 a3 38. Kc3 d4+ 39. Kb3 d3 40.
Kc3 a2 41. Kb2 d2 42. Kxa2 d1=Q 43. Kb2 Qd2+ 0-1

[Event "ch-FRA Blitz Online Qual"]
[Site "Europe-Chess INT"]
[Date "2020.05.16"]
[Round "1"]
[White "Zeller, Thomas"]
[Black "Mirguet, Ulysse"]
[Result "1-0"]
[WhiteElo "1792"]
[BlackElo "1105"]
[WhiteFideId "26057069"]
[BlackFideId "36044300"]
[EventDate "2020.05.16"]

1. e4 e5 2. Nf3 Nc6 3. Bc4 Nf6 4. Ng5 d5 5. exd5 Nxd5 6. Nxf7 Kxf7 7. Qf3+ Ke6
8. Nc3 Ne7 9. O-O c6 10. Re1 Qd6 11. d4 Kd7 12. dxe5 Qc5 13. e6+ Kd8 14. Bxd5
Nxd5 15. Nxd5 Qxd5 16. Rd1 Bxe6 17. Rxd5+ Bxd5 18. Bg5+ Be7 19. Bxe7+ Kxe7 20.
Re1+ Kd7 21. Qf5+ Kc7 22. Re7+ Kb6 23. h3 g6 24. Qd7 Rab8 25. Qc7+ Ka6 26. b4
Bxa2 27. Qa5# 1-0

[Event "ch-FRA Blitz Online Qual"]
[Site "Europe-Chess INT"]
[Date "2020.05.16"]
[Round "1"]
[White "Moracchini, Margaux"]
[Black "Rigaud-Retourne, Mael"]
[Result "1-0"]
[WhiteElo "1933"]
[BlackElo "1103"]
[WhiteFideId "36018198"]
[BlackFideId "45167478"]
[EventDate "2020.05.16"]

1. e4 e5 2. Nf3 Nc6 3. d4 exd4 4. Nxd4 Bc5 5. Be3 Qf6 6. c3 Nge7 7. g3 d5 8. Bg2
dxe4 9. Nd2 O-O 10. Nxe4 Qe5 11. O-O Nxd4 12. cxd4 Bxd4 13. Qxd4 Qxd4 14. Bxd4
Nc6 15. Bc3 Bf5 16. Rad1 Rad8 17. Nc5 Rb8 18. Nd7 Bxd7 19. Rxd7 Rbc8 20. Rfd1 h6
21. Bxc6 bxc6 22. Kf1 Rfe8 23. Ba5 Rb8 24. b3 Rb7 25. Rxc7 Rxc7 26. Bxc7 Rc8 27.
Rd8+ Rxd8 28. Bxd8 f6 29. Ke2 Kf7 30. Kd3 Ke6 31. Kc4 Kd7 32. Ba5 Kd6 33. Bb4+
Ke5 34. Kc5 g5 35. Kxc6 f5 36. Kb7 f4 37. gxf4+ gxf4 38. Kxa7 Ke4 39. Bc5 Kf3
40. b4 Kg2 41. b5 Kxh2 42. b6 Kg2 43. b7 h5 44. b8=Q h4 45. Qg8+ Kf3 46. Qd5+
Kg4 47. Qg2+ Kh5 48. Be7 Kh6 49. Bxh4 f3 50. Qxf3 Kh7 51. Qf7+ Kh6 52. Qf6+ Kh7
53. Bg5 Kg8 54. Qe7 Kh8 55. Bf6+ Kg8 56. Qg7# 1-0

[Event "ch-FRA Blitz Online Qual"]
[Site "Europe-Chess INT"]
[Date "2020.05.16"]
[Round "1"]
[White "Fischler, Ines"]
[Black "Vine, Guillaume"]
[Result "0-1"]
[WhiteElo "1129"]
[BlackElo "1824"]
[WhiteFideId "551033658"]
[BlackFideId "20654219"]
[EventDate "2020.05.16"]

1. e4 c6 2. Nc3 d5 3. e5 c5 4. Nxd5 Qxd5 5. Bb5+ Bd7 6. Bxd7+ Nxd7 7. Nf3 Nxe5
8. Nxe5 Qxe5+ 9. Qe2 Qxe2+ 10. Kxe2 e5 11. Re1 O-O-O 12. d3 f6 13. Be3 Ne7 14.
Bxc5 Nf5 15. Bxa7 Nd4+ 16. Bxd4 exd4 17. Kd2 Bb4+ 18. c3 dxc3+ 19. bxc3 Bd6 20.
Rab1 Rhe8 21. Rec1 Re7 22. Rc2 Rde8 23. Kd1 Re1+ 24. Kd2 R8e2# 0-1

[Event "ch-FRA Blitz Online Qual"]
[Site "Europe-Chess INT"]
[Date "2020.05.16"]
[Round "1"]
[White "Mallevaey, Guillaume"]
[Black "Negre, Emilie"]
[Result "1-0"]
[WhiteElo "1823"]
[BlackElo "1438"]
[WhiteFideId "26026120"]
[BlackFideId "45187223"]
[EventDate "2020.05.16"]

1. e4 e5 2. Nc3 Nf6 3. Bc4 Bc5 4. d3 Nc6 5. f4 exf4 6. Bxf4 Na5 7. Bb3 Nxb3 8.
axb3 d6 9. Na4 Bd4 10. Nf3 Bg4 11. Qd2 Bxf3 12. gxf3 Be5 13. Rg1 Nh5 14. Be3
Qh4+ 15. Qf2 Qxh2 16. Qxh2 Bxh2 17. Rh1 Bg3+ 18. Ke2 Nf4+ 19. Kd2 Ng6 20. Nc3
Bf4 21. Nd5 Bxe3+ 22. Kxe3 O-O-O 23. f4 c6 24. Nc3 d5 25. Rxa7 d4+ 26. Kd2 dxc3+
27. Kxc3 Nxf4 28. Rf1 Ne6 29. Rxf7 Rhf8 30. Ra8# 1-0

[Event "ch-FRA Blitz Online Qual"]
[Site "Europe-Chess INT"]
[Date "2020.05.16"]
[Round "1"]
[White "Migus, Ethan"]
[Black "Duquesne, Adrien"]
[Result "0-1"]
[WhiteElo "1084"]
[BlackElo "2147"]
[WhiteFideId "551047594"]
[BlackFideId "20650582"]
[EventDate "2020.05.16"]

1. e4 c5 2. Nc3 e6 3. Nf3 a6 4. d4 cxd4 5. Nxd4 d6 6. Be2 Nf6 7. O-O Nbd7 8. Bg5
Be7 9. Bxf6 Bxf6 10. Re1 O-O 11. Bd3 Qc7 12. Nde2 b5 13. b4 Bb7 14. Qd2 Rac8 15.
a3 Bxc3 16. Qxc3 Qxc3 17. Nxc3 Rxc3 18. Re3 Rfc8 19. Rae1 Ne5 20. h3 Nc4 21.
Bxc4 R8xc4 22. Rxc3 Rxc3 23. Re2 Rxa3 24. Kh2 Rc3 25. f4 Rc4 26. e5 dxe5 27.
fxe5 Rxb4 28. g4 Rc4 29. Kg3 Be4 30. h4 Bxc2 31. Kh3 Kf8 32. Kg2 Ke7 33. Kf2 a5
34. Kg2 a4 35. Kf2 a3 36. Kg2 a2 37. Kf2 a1=Q 38. Kg2 Rxg4+ 39. Kf3 Rxh4 40. Ke3
Qd4+ 41. Kf3 Qf4+ 42. Kg2 Rh2+ 43. Kg1 Qg3+ 44. Kf1 Rh1# 0-1

[Event "ch-FRA Blitz Online Qual"]
[Site "Europe-Chess INT"]
[Date "2020.05.16"]
[Round "1"]
[White "Minde, Timothe"]
[Black "Larmet, Nino"]
[Result "0-1"]
[WhiteElo "1075"]
[BlackElo "1818"]
[WhiteFideId "551015579"]
[BlackFideId "45105219"]
[EventDate "2020.05.16"]

1. e4 e5 2. Bc4 Nc6 3. Nf3 Bc5 4. O-O Nf6 5. d3 O-O 6. Bg5 h6 7. Bh4 Be7 8. Nbd2
d6 9. c3 Nh5 10. Bxe7 Qxe7 11. b4 Nf4 12. Qb3 Nd8 13. Rfe1 Be6 14. Bxe6 Ndxe6
15. Qc2 Ng5 16. d4 Rad8 17. Rad1 Qf6 18. dxe5 dxe5 19. Nb3 Nxf3+ 20. gxf3 Qg5+
21. Kh1 Qg2# 0-1

[Event "ch-FRA Blitz Online Qual"]
[Site "Europe-Chess INT"]
[Date "2020.05.16"]
[Round "1"]
[White "Schippke, Manon"]
[Black "Zanin, Sylvie"]
[Result "1-0"]
[WhiteElo "1873"]
[BlackElo "1001"]
[WhiteFideId "45100446"]
[BlackFideId "45115532"]
[EventDate "2020.05.16"]

1. e4 e5 2. Nf3 Nc6 3. Bb5 Nge7 4. c3 a6 5. Ba4 g6 6. O-O Bg7 7. d4 d6 8. d5 b5
9. dxc6 Nxc6 10. Bc2 Bg4 11. h3 Bxf3 12. Qxf3 Qf6 13. Qxf6 Bxf6 14. Be3 b4 15.
Ba4 O-O 16. Bxc6 Rab8 17. b3 a5 18. cxb4 Rxb4 19. Nd2 Be7 20. a3 Rbb8 21. Rab1
f5 22. exf5 Rxf5 23. Be4 Rff8 24. f4 c5 25. fxe5 dxe5 26. Bd5+ Kg7 27. Rxf8 Rxf8
28. Nc4 g5 29. Nxa5 Rd8 30. Bf3 Rd3 31. Bf2 Kg6 32. Be4+ Kh5 33. g4+ Kh6 34.
Bxd3 Bd8 35. b4 cxb4 36. axb4 Bc7 37. Nc6 Kg7 38. b5 Kf6 39. b6 Bd6 40. b7 Ke6
41. b8=Q Bxb8 42. Rxb8 Kd6 43. Be4 h6 44. Rd8+ Kc7 45. Be1 Kb6 46. Ba5+ Kc5 47.
Kf2 Kc4 48. Bd3+ Kc5 49. Bb4+ Kxc6 50. Bc4 Kc7 51. Rd6 Kb7 52. Ba5 Kc8 53. Bd5
Kb8 54. Bb6 Kc8 55. Rd8# 1-0

[Event "ch-FRA Blitz Online Qual"]
[Site "Europe-Chess INT"]
[Date "2020.05.16"]
[Round "1"]
[White "Remtoula, Jamal"]
[Black "Iglesias, Christophe"]
[Result "0-1"]
[WhiteElo "1070"]
[BlackElo "1815"]
[WhiteFideId "551099853"]
[BlackFideId "551007584"]
[EventDate "2020.05.16"]

1. d4 d5 2. c4 c6 3. Nf3 Nf6 4. Nc3 e6 5. Bf4 dxc4 6. Bxb8 Rxb8 7. Ne5 Qc7 8. e3
b5 9. g3 Bd6 10. Bg2 O-O 11. Bxc6 Bxe5 12. Bf3 Bd6 13. O-O a6 14. Re1 Bb7 15. e4
Bb4 0-1

[Event "ch-FRA Blitz Online Qual"]
[Site "Europe-Chess INT"]
[Date "2020.05.16"]
[Round "1"]
[White "Alif, Yassine"]
[Black "Lequang, Enzo"]
[Result "0-1"]
[WhiteElo "1874"]
[BlackElo "1068"]
[WhiteFideId "45107203"]
[BlackFideId "551052911"]
[EventDate "2020.05.16"]

1. d4 d5 2. c4 e6 3. Nc3 Nf6 4. Nf3 Bb4 5. e3 Nc6 6. Bd3 O-O 7. O-O dxc4 8. Bxc4
Bxc3 9. bxc3 Bd7 10. Bd3 Re8 11. e4 e5 12. d5 Nb8 13. Rb1 b6 14. Bg5 c6 15. c4
cxd5 16. cxd5 h6 17. Bh4 Bg4 18. h3 Bh5 19. Bb5 Nbd7 20. Bxf6 Nxf6 21. Bxe8 Qxe8
22. Re1 Rc8 23. Rc1 Rd8 24. Rc7 Rd7 25. Qc2 Qd8 0-1

[Event "ch-FRA Blitz Online Qual"]
[Site "Europe-Chess INT"]
[Date "2020.05.16"]
[Round "1"]
[White "Rasolo, Loick"]
[Black "Nicot, Valentin"]
[Result "1-0"]
[WhiteElo "1951"]
[BlackElo "1041"]
[WhiteFideId "36004049"]
[BlackFideId "651002477"]
[EventDate "2020.05.16"]

1. e4 c5 2. Nf3 e6 3. g3 d5 4. exd5 exd5 5. Bg2 Nc6 6. O-O Nf6 7. d4 Bg4 8. c3
Be7 9. h3 Be6 10. Be3 Nd7 11. Nbd2 O-O 12. Nb3 c4 13. Nbd2 Qc7 14. Re1 f5 15.
Ng5 Bf7 16. Nxf7 Rxf7 17. Bxd5 Bd6 18. Qf3 f4 19. Bxf7+ Kxf7 20. Bxf4 Bxf4 21.
Qxf4+ Qxf4 22. gxf4 Nf6 23. Nxc4 Rc8 24. Ne5+ Nxe5 25. fxe5 Nd5 26. Re4 Ke6 27.
Rg4 g6 28. Rf1 Kf5 29. Rg3 h5 30. Kh2 g5 31. Rfg1 Rg8 32. h4 Nf4 33. Rxg5+ Rxg5
34. Rxg5+ Ke4 35. Rg7 Nd3 36. e6 Nxf2 37. e7 Ng4+ 38. Rxg4+ hxg4 39. e8=Q+ Kf3
40. Qg6 Kf2 41. Qxg4 Kf1 42. Qe4 b6 43. Kg3 b5 44. Kf3 Kg1 45. Qg4+ Kf1 46. Qg2+
Ke1 47. Qe2# 1-0

[Event "ch-FRA Blitz Online Qual"]
[Site "Europe-Chess INT"]
[Date "2020.05.16"]
[Round "1"]
[White "Lefrancois, Jean"]
[Black "Villeneuve, Samuel"]
[Result "0-1"]
[WhiteElo "1038"]
[BlackElo "1807"]
[WhiteFideId "551055635"]
[BlackFideId "20642105"]
[EventDate "2020.05.16"]

1. d4 d5 2. Nc3 Nf6 3. Bf4 c6 4. e3 Bf5 5. Bd3 Bxd3 6. cxd3 e6 7. h3 Bd6 8. Bxd6
Qxd6 9. Nf3 Nbd7 10. e4 Qc7 11. e5 Ng8 12. O-O Ne7 13. Qb3 O-O 14. Rae1 Nf5 15.
Na4 Rab8 16. Nc5 Nxc5 17. dxc5 b6 18. Qc3 bxc5 19. Qxc5 Rxb2 20. Qc3 Rxa2 21.
Qb3 Ra6 22. Rc1 c5 23. Qb5 Rc6 24. Rc2 Rb8 25. Qa4 h6 26. Rfc1 Rc8 27. Nd2 Nd4
28. Rb2 Ne2+ 29. Kf1 Nxc1 30. Qc2 Nxd3 31. Qxd3 c4 32. Qc3 Rb6 33. Rc2 Rcb8 34.
Kg1 Qc5 35. Nf3 Rb3 36. Qd2 a5 37. Nd4 Rb1+ 38. Kh2 a4 39. Ra2 Qb4 40. Qe2 c3
41. Nc6 Qf4+ 42. g3 Qc1 43. Nxb8 Qg1# 0-1

[Event "ch-FRA Blitz Online Qual"]
[Site "Europe-Chess INT"]
[Date "2020.05.16"]
[Round "1"]
[White "Gusev, Mickael"]
[Black "Nguyen, Thao Nhi"]
[Result "0-1"]
[WhiteElo "1032"]
[BlackElo "1951"]
[WhiteFideId "551081997"]
[BlackFideId "36000310"]
[EventDate "2020.05.16"]

1. e4 Nf6 2. Nc3 d5 3. exd5 Nxd5 4. Be2 Nxc3 5. dxc3 Qxd1+ 6. Bxd1 e5 7. Ne2 Nc6
8. O-O Bc5 9. Re1 O-O 10. b4 Bb6 11. b5 Ne7 12. c4 Be6 13. Ba3 Rfe8 14. c5 Ba5
15. c3 Nd5 16. c4 Bxe1 17. cxd5 Bxd5 18. Ba4 c6 19. Rxe1 f5 20. bxc6 bxc6 21.
Nc3 Red8 22. h3 e4 23. Bb2 Rab8 24. Ba1 a5 25. Nxd5 cxd5 26. Bc6 Rbc8 27. Bb7
Rxc5 28. Kh2 d4 29. Rd1 d3 30. a3 Rc2 31. Ba6 d2 32. Be2 Rdc8 33. Bd4 Rd8 34.
Be3 h6 35. h4 Kf7 36. Kg3 Kf6 37. Kf4 g5+ 38. hxg5+ hxg5+ 39. Kg3 f4+ 40. Bxf4
gxf4+ 41. Kxf4 Ra2 42. Ke3 Rxa3+ 43. Kf4 Rc3 44. g4 a4 45. g5+ Kg6 46. Ra1 a3
47. f3 exf3 48. Bxf3 Rc1 49. Ra2 d1=Q 50. Bxd1 Rcxd1 51. Rxa3 Rf1+ 52. Kg4 Rd4+
53. Kh3 Rh1+ 54. Kg3 Rg1+ 55. Kh3 Rxg5 56. Kh2 Rh4+ 57. Rh3 Rxh3+ 58. Kxh3 Kf5
59. Kh2 Kf4 60. Kh3 Rh5+ 61. Kg2 Rc5 62. Kh3 Rc8 63. Kg2 Rc3 64. Kh2 Kg4 65. Kg2
Rc2+ 66. Kf1 Kf3 67. Ke1 Rh2 68. Kd1 Ke3 69. Kc1 Kd3 70. Kb1 Kc3 71. Ka1 Kb3 72.
Kb1 Rh1# 0-1

[Event "ch-FRA Blitz Online Qual"]
[Site "Europe-Chess INT"]
[Date "2020.05.16"]
[Round "1"]
[White "Hassler, Tim"]
[Black "Manvieu, Paul"]
[Result "1-0"]
[WhiteElo "1933"]
[BlackElo "1018"]
[WhiteFideId "36052566"]
[BlackFideId "651000482"]
[EventDate "2020.05.16"]

1. e4 e6 2. d4 d5 3. exd5 exd5 4. Bd3 Bd6 5. h3 c6 6. Qf3 Ne7 7. Ne2 O-O 8. Be3
Be6 9. g4 Nd7 10. Nd2 f6 11. O-O-O Nb6 12. Nf4 Bf7 13. h4 Re8 14. g5 Kf8 15.
Bxh7 Nec8 16. gxf6 Qxf6 17. Qg4 g6 18. Nxg6+ Bxg6 19. Bxg6 Re6 20. Rhg1 Ne7 21.
Bh6+ Kg8 22. Bf5+ Kf7 23. Bxe6+ Qxe6 24. Qxe6+ Kxe6 25. Rde1+ Kd7 26. Rg7 Re8
27. Bg5 Nc8 28. h5 Kd8 29. h6 Kd7 30. h7 Kd8 31. Bxe7+ Nxe7 32. Nf3 Bf4+ 33. Kd1
Bh6 34. Rgxe7 Rh8 35. Re8+ Rxe8 36. Rxe8+ Kxe8 37. h8=Q+ Bf8 38. Ne5 1-0

[Event "ch-FRA Blitz Online Qual"]
[Site "Europe-Chess INT"]
[Date "2020.05.16"]
[Round "1"]
[White "Revel, Adrien"]
[Black "Morand, Olivier"]
[Result "1-0"]
[WhiteElo "1859"]
[BlackElo "1009"]
[WhiteFideId "624179"]
[BlackFideId "45104387"]
[EventDate "2020.05.16"]

1. e4 e5 2. Nf3 Nc6 3. Bc4 Nf6 4. d3 Bc5 5. c3 d6 6. O-O Bg4 7. Nbd2 a6 8. a4
Ba7 9. h3 Bh5 10. Re1 b6 11. Bxa6 Bb8 12. Bb7 Ra7 13. Bxc6+ Nd7 14. Nf1 Ra5 15.
Ng3 Bg6 16. b4 Ra7 17. d4 exd4 18. cxd4 Qf6 19. e5 dxe5 20. Bxd7+ Kxd7 21. dxe5+
Ke6 22. exf6+ Kxf6 23. Bb2# 1-0

[Event "ch-FRA Blitz Online Qual"]
[Site "Europe-Chess INT"]
[Date "2020.05.16"]
[Round "2"]
[White "Suez-Panama, Gilles"]
[Black "Firouzja, Alireza"]
[Result "0-1"]
[BlackTitle "GM"]
[WhiteElo "1943"]
[BlackElo "2728"]
[WhiteFideId "620165"]
[BlackFideId "12573981"]
[EventDate "2020.05.16"]

1. b3 e5 2. Bb2 Nc6 3. e3 d6 4. c4 f5 5. d3 Nf6 6. Nc3 Be7 7. Nf3 O-O 8. a3 f4
9. e4 Bg4 10. Be2 Bxf3 11. Bxf3 Nd4 12. Rc1 c6 13. O-O g5 14. Nb1 Kh8 15. Bxd4
exd4 16. Qe2 Nd7 17. Nd2 Ne5 18. Kh1 Rg8 19. Rg1 g4 20. Bxg4 Nxg4 21. Qf3 Qe8
22. Qxf4 Qh5 23. h3 Raf8 24. Qxf8 Rxf8 25. f3 Nf2+ 26. Kh2 Bg5 27. Nf1 Bxc1 0-1

[Event "ch-FRA Blitz Online Qual"]
[Site "Europe-Chess INT"]
[Date "2020.05.16"]
[Round "2"]
[White "Jobava, Baadur"]
[Black "Kantzer, Romain"]
[Result "1-0"]
[WhiteTitle "GM"]
[WhiteElo "2603"]
[BlackElo "1930"]
[WhiteFideId "13601520"]
[BlackFideId "26024640"]
[EventDate "2020.05.16"]

1. d4 Nf6 2. Bg5 e6 3. e4 h6 4. Bxf6 Qxf6 5. Nc3 b6 6. g3 Bb7 7. Bg2 Qe7 8. Nge2
g6 9. O-O Bg7 10. a4 a6 11. f4 O-O 12. e5 Bxg2 13. Kxg2 d6 14. Ne4 d5 15. Nd2 c5
16. Nf3 Nc6 17. c3 Rfc8 18. h4 Kh7 19. h5 cxd4 20. Nexd4 Na5 21. hxg6+ fxg6 22.
Qd3 Nc4 23. Rf2 Rf8 24. Rh1 Qe8 25. Nxe6 Rf5 26. Nc7 Qf8 27. Nxa8 Qxa8 28. Nd4
Rf8 29. b3 Na3 30. f5 gxf5 31. Rxf5 Rxf5 32. Qxf5+ Kh8 33. e6 b5 34. e7 Qe8 35.
Re1 bxa4 36. Qxd5 axb3 37. Qd8 1-0

[Event "ch-FRA Blitz Online Qual"]
[Site "Europe-Chess INT"]
[Date "2020.05.16"]
[Round "2"]
[White "Bournel, Antoine"]
[Black "Bauer, Christian"]
[Result "0-1"]
[BlackTitle "GM"]
[WhiteElo "2238"]
[BlackElo "2623"]
[WhiteFideId "26093553"]
[BlackFideId "603767"]
[EventDate "2020.05.16"]

1. d4 Nf6 2. Nf3 d6 3. c4 g6 4. Nc3 Bf5 5. Ng5 Bg7 6. e4 Bd7 7. Be2 e5 8. d5 a5
9. O-O O-O 10. h3 Na6 11. Be3 Qe7 12. Qc2 h6 13. Nf3 Nh5 14. Rae1 Nf4 15. Bd3
Nb4 16. Qd2 Nbxd3 17. Rd1 f5 18. a3 a4 19. Kh1 g5 20. g3 fxe4 21. gxf4 exf4 22.
Nxe4 Qxe4 23. Bd4 Qxf3+ 24. Kg1 Bxh3 25. Qxd3 Qg2# 0-1

[Event "ch-FRA Blitz Online Qual"]
[Site "Europe-Chess INT"]
[Date "2020.05.16"]
[Round "2"]
[White "Safarli, Eltaj"]
[Black "Fardet, Elouan"]
[Result "1-0"]
[WhiteTitle "GM"]
[WhiteElo "2598"]
[BlackElo "2163"]
[WhiteFideId "13402129"]
[BlackFideId "45163596"]
[EventDate "2020.05.16"]

1. e4 c5 2. Nc3 e6 3. Nf3 Nc6 4. Bb5 Nge7 5. O-O a6 6. Bxc6 Nxc6 7. d4 cxd4 8.
Nxd4 d6 9. Re1 Be7 10. Nxc6 bxc6 11. Qg4 Bf6 12. e5 dxe5 13. Ne4 O-O 14. Bh6 Kh8
15. Rad1 Qe7 16. Be3 Rg8 17. Bc5 Qc7 18. Qf3 Bd8 19. Bd6 Qb7 20. Bxe5 f6 21. Nd6
Qe7 22. Qxc6 1-0

[Event "ch-FRA Blitz Online Qual"]
[Site "Europe-Chess INT"]
[Date "2020.05.16"]
[Round "2"]
[White "Mezouaghi, Miloud"]
[Black "Lagarde, Maxime"]
[Result "0-1"]
[BlackTitle "GM"]
[WhiteElo "1999"]
[BlackElo "2655"]
[WhiteFideId "612634"]
[BlackFideId "662399"]
[EventDate "2020.05.16"]

1. c4 g6 2. Nf3 Bg7 3. g3 Nf6 4. Bg2 O-O 5. O-O d6 6. Nc3 Nc6 7. d3 e5 8. Rb1 h6
9. b4 Be6 10. b5 Ne7 11. a4 Nd7 12. a5 f5 13. Bb2 Nc5 14. Nd2 a6 15. bxa6 Rxa6
16. Nb3 Nxb3 17. Qxb3 Rxa5 18. Qxb7 e4 19. Nb5 Bxb2 20. Rxb2 c6 21. Nd4 Bc8 22.
Qb6 c5 23. Qxd8 Rxd8 24. Nb5 Be6 25. Nc7 Bf7 26. dxe4 Bxc4 27. exf5 Nxf5 28. Nd5
Nd4 29. Re1 Rb5 30. Rxb5 Bxb5 31. e3 Ne6 32. Rb1 Bd3 33. Rb7 g5 34. Nf6+ Kh8 35.
e4 Ng7 36. f3 c4 37. Nd5 Rc8 38. Bh3 Rf8 39. Kg2 h5 40. Bd7 g4 41. fxg4 Bxe4+ 0-1

[Event "ch-FRA Blitz Online Qual"]
[Site "Europe-Chess INT"]
[Date "2020.05.16"]
[Round "2"]
[White "Edouard, Romain"]
[Black "Delabarre, Olivier"]
[Result "1-0"]
[WhiteTitle "GM"]
[WhiteElo "2649"]
[BlackElo "1997"]
[WhiteFideId "633429"]
[BlackFideId "632481"]
[EventDate "2020.05.16"]

1. d4 g6 2. e4 Bg7 3. c4 d6 4. Nc3 e5 5. Nge2 Nc6 6. Be3 exd4 7. Nxd4 Nge7 8. h4
O-O 9. h5 f5 10. hxg6 hxg6 11. c5 fxe4 12. Nxe4 dxc5 13. Bc4+ Nd5 14. Nf3 Nd4
15. Nxd4 cxd4 16. Bxd4 c6 17. Qd2 Bf5 18. f3 Bxe4 19. fxe4 Bxd4 20. Qxd4 Qf6 21.
Qxf6 Rxf6 22. exd5 Re8+ 23. Kd2 cxd5 24. Bxd5+ Kg7 25. Rad1 Rf2+ 26. Kc3 Ree2
27. Rde1 Rc2+ 28. Kd4 Rxb2 29. Re7+ Kf8 30. Rc7 Rbd2+ 31. Ke5 Rfe2+ 32. Kd6 1-0

[Event "ch-FRA Blitz Online Qual"]
[Site "Europe-Chess INT"]
[Date "2020.05.16"]
[Round "2"]
[White "Lardon, Quentin"]
[Black "Gozzoli, Yannick"]
[Result "0-1"]
[BlackTitle "GM"]
[WhiteElo "2013"]
[BlackElo "2600"]
[WhiteFideId "36050407"]
[BlackFideId "616915"]
[EventDate "2020.05.16"]

1. c4 e5 2. Nc3 Bb4 3. g3 Bxc3 4. bxc3 Nf6 5. Bg2 O-O 6. d3 c6 7. Nf3 Re8 8. O-O
d5 9. cxd5 cxd5 10. Bd2 Nc6 11. Rb1 h6 12. Qc2 Qc7 13. Rfc1 Bf5 14. Qb3 Rab8 15.
Rb2 Be6 16. Qc2 Rbc8 17. Rcb1 b6 18. Qd1 Bf5 19. Rc1 Qd7 20. c4 d4 21. c5 bxc5
22. Rxc5 e4 23. dxe4 Nxe4 24. Rcb5 Qe6 25. Bf4 Nc3 26. Qb3 Nxb5 27. Qxb5 Be4 28.
Qa4 Qf6 29. Rb7 g5 30. Bd2 d3 31. exd3 Bxf3 32. Bxf3 Qxf3 33. Qc4 Ne5 34. Qb3
Nxd3 35. Rd7 Qxf2+ 36. Kh1 Qf1# 0-1

[Event "ch-FRA Blitz Online Qual"]
[Site "Europe-Chess INT"]
[Date "2020.05.16"]
[Round "2"]
[White "Baklan, Vladimir"]
[Black "Gautier, Nathan"]
[Result "1-0"]
[WhiteTitle "GM"]
[WhiteElo "2587"]
[BlackElo "2064"]
[WhiteFideId "14102196"]
[BlackFideId "26093030"]
[EventDate "2020.05.16"]

1. e4 c5 2. c3 Nf6 3. e5 Nd5 4. Na3 Nc6 5. Nf3 e6 6. Nc4 Qc7 7. d4 cxd4 8. cxd4
b5 9. Ne3 Bb4+ 10. Bd2 Nxe3 11. fxe3 Qa5 12. a3 Bxd2+ 13. Qxd2 a6 14. Bd3 O-O
15. O-O Bb7 16. b4 Qd8 17. Qf2 d6 18. exd6 Qxd6 19. Ng5 f5 20. Rac1 h6 21. Nf3
Rac8 22. Qg3 Qxg3 23. hxg3 Ne7 24. Ne5 Nd5 25. Kf2 g5 26. Nd7 Rxc1 27. Rxc1 Rc8
28. Nc5 Kf7 29. Rc2 Rc7 30. e4 fxe4 31. Bxe4 Ke7 32. Re2 Kd6 33. Bf3 Nc3 34.
Rxe6# 1-0